Tilastot visalle Englannin kreivikunnat kartalla

Klikkaa tästä pelataksesi tätä visaa!

Yleistilastot

  • Tätä visaa on pelattu 353 kertaa
  • Keskiarvotulos 20 / 47

Vastaukset kartalla

Vastauksille on annettu kartalla punavihreä väri sen mukaan, kuinka moni on saanut sen oikein.
 

Vastaustilastot

Vastaus% Oikein
Cornwall
68%
Suur-Lontoo
65%
Wightsaari
62%
Devon
57%
Bristol
54%
Kent
51%
Norfolk
50%
Dorset
48%
Essex
48%
Suur-Manchester
48%
East Sussex
47%
Cumbria
46%
Northumberland
46%
Suffolk
45%
West Sussex
45%
Lincolnshire
44%
Oxfordshire
44%
Somerset
44%
South Yorkshire
44%
Buckinghamshire
43%
Tyne ja Wear
43%
East Riding of Yorkshire
42%
Merseyside
42%
North Yorkshire
42%
West Yorkshire
42%
Gloucestershire
41%
Hampshire
41%
Nottinghamshire
41%
Surrey
41%
Cambridgeshire
39%
Leicestershire
39%
Rutland
39%
Durham
38%
Lancashire
38%
Berkshire
37%
Bedfordshire
35%
Länsi-Midlands
34%
Wiltshire
34%
Worcestershire
34%
Northamptonshire
33%
Shropshire
33%
Warwickshire
33%
Derbyshire
32%
Herefordshire
32%
Hertfordshire
31%
Cheshire
30%
Staffordshire
29%

Tulosjakauma

Persentiili vastausten määrän mukaan

Jokaisen tuloksen saaneiden osuus

Tuloshistoriasi

Et ole pelannut tätä visaa